书目信息 |
| 题名: |
圣诞节名歌精选
|
|
| 作者: | 张宁 编 | |
| 分册: | ||
| 出版信息: | 北京 中国青年出版社 2000 |
|
| 页数: | 192页 | |
| 开本: | 26cm | |
| 丛书名: | ||
| 单 册: | ||
| 中图分类: | J652.8 | |
| 科图分类: | ||
| 主题词: | 外国音乐--作品 , 音乐--各国--作品 | |
| 电子资源: | ||
| ISBN: | 7-5006-4003-X | |
| 000 | 00572nam0 2200205 450 | |
| 001 | 0650426375 | |
| 005 | 20061122113015.96 | |
| 010 | @a7-5006-4003-X@dCNY 25.00 | |
| 100 | @a20061112d2000 km y0chiy0120 ea | |
| 101 | 0 | @achi |
| 102 | @aCN@b110000 | |
| 200 | 1 | @a圣诞节名歌精选@Asheng dan jie ming ge jing xuan@f张宁编@Fzhang ning bian |
| 210 | @a北京@c中国青年出版社@d2000 | |
| 215 | @a192页@d26cm | |
| 606 | 0 | @a外国音乐@x作品 |
| 606 | 0 | @a音乐@y各国@x作品 |
| 690 | @aJ652.8@v4 | |
| 701 | 0 | @a张宁@Azhang ning@4编 |
| 801 | @aCN@c20061122 | |
| 905 | @a10447@dJ652.8@eZ142 | |
| 圣诞节名歌精选/张宁编.-北京:中国青年出版社,2000 |
| 192页;26cm |
| ISBN 7-5006-4003-X:CNY 25.00 |
| ● |
| 相关链接 |
|
|
|
正题名:圣诞节名歌精选
索取号:J652.8/Z142
 
预约/预借
| 序号 | 登录号 | 条形码 | 馆藏地/架位号 | 状态 | 备注 |
| 1 | 615890 | 206158904 | 社科库309/309社科库 94排3列2层/ [索取号:J652.8/Z142] | 在馆 |